[Event "XV Festival B"]
[Site "Bolzano - Bozen ITA"]
[Date "2000.07.17"]
[Round "3"]
[White "Vujovic, Milorad"]
[Black "Vismara, Daniele"]
[Result "1-0"]
[WhiteElo "2275"]
[BlackElo "2246"]
[PlyCount "71"]
[EventDate "2000.07.15"]

1. e4 c5 2. Nf3 d6 3. g3 Nc6 4. Bg2 g6 5. d4 cxd4 6. Nxd4 Bg7 7. Ne2 Nf6 8.
Nbc3 Bd7 9. h3 O-O 10. O-O Rc8 11. Be3 a6 12. Na4 Ne5 13. Nb6 Rc6 14. Nxd7
Nfxd7 15. b3 Rc8 16. f4 Nc6 17. c3 Qc7 18. Rc1 Rfd8 19. Qd2 Qa5 20. Rfd1 b5 21.
g4 Rc7 22. Rc2 Qa3 23. g5 Nc5 24. Nd4 Na5 25. Qf2 Bxd4 26. Bxd4 Nc6 27. Be3 Nd7
28. e5 Re8 29. Rcd2 Nf8 30. Bd5 Nd8 31. Bd4 dxe5 32. Bxe5 Rc8 33. f5 Qc5 34.
Rd4 e6 35. fxg6 hxg6 36. Qf6 1-0

[Event "XV Festival B"]
[Site "Bolzano - Bozen ITA"]
[Date "2000.07.??"]
[Round "6"]
[White "Cetkovic, Sergio"]
[Black "Mair, Christoph"]
[Result "0-1"]
[WhiteElo "2192"]
[BlackElo "1723"]
[PlyCount "134"]
[EventDate "2000.07.15"]

1. e4 e6 2. d4 d5 3. e5 c5 4. c3 Nc6 5. Nf3 Qb6 6. a3 cxd4 7. cxd4 Bd7 8. b4
Rc8 9. Be3 Nge7 10. Bd3 Nf5 11. Be2 Be7 12. O-O O-O 13. Qd2 f6 14. Rd1 fxe5 15.
dxe5 Nxe3 16. fxe3 Qc7 17. Qb2 Qb6 18. Qd2 Qc7 19. Qb2 Rf5 20. Bd3 Rxf3 21.
gxf3 Nxe5 22. Be2 Bf6 23. Qa2 Ng6 24. Nd2 Bxa1 25. Qxa1 Ba4 26. Re1 Qc3 27. Nf1
Qxa1 28. Rxa1 Rc3 29. Kf2 e5 30. Ra2 Kf7 31. Ng3 Ne7 32. Nf1 Ke6 33. Ke1 Nf5
34. Kd2 d4 35. e4 Nh4 36. Bd3 Nxf3+ 37. Ke2 Nh4 38. Nd2 Ng6 39. Bc4+ Kd6 40.
Bg8 Nf4+ 41. Ke1 b5 42. Bxh7 Bb3 43. Nxb3 Rxb3 44. a4 Rxb4 45. axb5 Rxb5 46.
Ra6+ Kc5 47. Rxa7 Rb1+ 48. Kd2 Rb2+ 49. Kd1 Rxh2 50. Rxg7 Kc4 51. Bf5 Kc3 52.
Rc7+ Kd3 53. Kc1 Ke3 54. Rd7 Ne2+ 55. Kb2 Ng3+ 56. Kb3 Nxe4 57. Rd8 Nd2+ 58.
Kb4 e4 59. Bg6 Rh6 60. Rd6 Rh8 61. Bf5 Rf8 62. Bh3 Rf7 63. Bg4 Rc7 64. Rh6 d3
65. Rh2 Nf3 66. Rh8 d2 67. Rd8 Rc1 0-1